000 00644nam a22002177a 4500
005 20250804115218.0
010 _aENG-146328-329
020 _a9789349184671
_c890.00
020 _a9789349184114
_c890.00
035 _aEN-129860-861
037 _bDBAD
082 _a305.568
_21
245 _aEthicadia/
_cedited by Jernail Singh Anand
260 _aGurugram
_bEarth Vision Publications
_c2025
270 _aH-23/16, DLF Phase-1
_bGurugram
_e122002
300 _avi, 345p.
_c21cm(pb)
300 _avi, 331p.
_c21cm(pb)
490 _v1,2
700 _aJernail Singh Anand
_eEditor
_983671
942 _2ddc
_cEN
_h305.568
_mETH
999 _c212838
_d212838